FAME MMA 4 - Uczestnicy - Statystyki

Ogólne statystyki
  • Ten quiz został rozwiązany 2 353 razy
    2 213 od ostatniego zresetowania
  • Średni wynik to 11 z 16
Statystyki odpowiedzi
. Odpowiedź % Poprawnych
8. Marta "LinkiMaster" Linkiewicz
92%
9. Aniela "Lil Masti" Bogusz
91%
2. Adrian "Polak" Polański
87%
4. Michał "Boxdel" Baron
84%
3. Amadeusz "Ferrari" Roślik
79%
5. Jakub "Kubańczyk" Flas
72%
6. Adrian "Medusa" Salamon
68%
11. Kasjusz "Don Kasjo" Życiński
68%
14. Filip "Filipek" Marcinek
61%
10. Dawid "Ambro" Ambroziak
59%
12. Patryk "Kizo" Woziński
59%
16. Kamil "Kasti" Stępiński
53%
1. Łukasz "Tomb" Imiełowski
53%
7. Piotr "Knaziuu" Knaś
53%
15. Krystian "Jongmen" Brzeziński
48%
13. Marcin Makowski
47%
Nie znaleziono quizów pasujących do podanych kryteriów
Rozkład punktacji
Procent ludzi z każdym wynikiem
Percentyl według liczby udzielonych odpowiedzi
Twoja historia wyników
Nie rozwiązałeś tego quizu od ostatniego zresetowania